Cities With Three or More Commercial Airport - Statistics

General Stats
  • This quiz has been taken 39 times
  • The average score is 17 of 24
Answer Stats
Number of Airports Continents in which the city is located Name of one the airpots which serve this city Answer % Correct
6 Europe Louton London
100%
7 North America LaGuardia New York
97%
5 North America Burbank Los Angeles
94%
4 Europe Sheremetyevo Moscow
94%
4 Europe Orly Paris
91%
4 Asia Narita Tokyo
91%
3 North America Midway Chicago
89%
4 Oceania Avalon Melbourne
86%
3 North America Felipe Ángeles Mexico City
80%
3 North America Fort Lauderdale–Hollywood Miami
80%
3 North America Ronald Reagan Washington, D.C
80%
4 North America Logan Boston
77%
3 South America Congonhas Sao Paulo
77%
3 North America Pearson Toronto
77%
4 Asia Ninoy Aquino Manila
74%
3 Europe El Prat (Josep Tarradellas) Barcelona
69%
3 South America El Palomar Buenos Aires
69%
4 North America Norman Y. Mineta San Francisco
60%
3 Asia Itami Osaka
46%
3 North America Sanford Orlando
43%
3 North America Sarasota–Bradenton Tampa
43%
3 Asia Linate Milan
40%
4 Europe Arlanda Stockholm
37%
3 Asia Chubu Centrair Nagoya
11%
No matching quizzes found
Score Distribution
Percent of People with Each Score
Percentile by Number Answered
Your Score History
You have not taken this quiz